[Event "Quebec Montcalm op 6 2018-19"]
[Site "Quebec"]
[Date "2019.04.11"]
[Round "4"]
[White "Cummins, Paul"]
[Black "Fleury, Dominic"]
[Result "1-0"]
[WhiteElo "1755"]
[BlackElo "1408"]
[PlyCount "43"]
[EventDate "2019.03.21"]
[EventType "swiss"]
[EventRounds "5"]
[EventCountry "CAN"]
[SourceTitle "EXT 2022"]
[Source "ChessBase"]
[SourceDate "2021.10.06"]
[SourceVersion "1"]
[SourceVersionDate "2021.10.06"]
[SourceQuality "1"]

1. e4 e5 2. Nf3 Nf6 3. d4 exd4 4. Bc4 Nc6 5. 0-0 Bc5 6. e5 Ng4 7. c3 Ngxe5 8. Re1 d6 9. cxd4 Nxd4 10. Nxd4 Qf6 11. f4 0-0 12. fxe5 dxe5 13. Rf1 Bxd4+ 14. Kh1 Qc6 15. Qb3 Bh3 16. Bd5 Qg6 17. Qxh3 Rad8 18. Bb3 Rd6 19. Nc3 a6 20. Be3 c5 21. Bxf7+ Rxf7 22. Qc8+ 1-0

[Event "Quebec Montcalm op 7 2017-18"]
[Site "Quebec"]
[Date "2018.04.26"]
[Round "1"]
[White "Boissinot, Claude"]
[Black "Cummins, Paul"]
[Result "0-1"]
[WhiteElo "1502"]
[BlackElo "1761"]
[PlyCount "116"]
[EventDate "2018.04.26"]
[EventType "swiss"]
[EventRounds "5"]
[EventCountry "CAN"]
[SourceTitle "EXT 2022"]
[Source "ChessBase"]
[SourceDate "2021.10.06"]
[SourceVersion "1"]
[SourceVersionDate "2021.10.06"]
[SourceQuality "1"]

1. e4 e6 2. d4 c5 3. Nf3 cxd4 4. Nxd4 a6 5. Bc4 b5 6. Bb3 Bb7 7. Nd2 Bc5 8. N4f3 Ne7 9. 0-0 Qb6 10. c3 Ng6 11. g3 Nc6 12. Bc2 0-0-0 13. Nb3 Be7 14. Be3 Qc7 15. Nbd4 h5 16. h4 f5 17. exf5 Nxd4 18. Nxd4 e5 19. fxg6 exd4 20. Bf4 Qc6 21. f3 dxc3 22. bxc3 Rdf8 23. Be3 Qc7 24. Kh2 Bxh4 25. Qe1 Bd8 26. a4 h4 27. Kg2 h3+ 28. Kh2 Bc6 29. a5 Qb7 30. Bd1 Bxf3 31. Bxf3 Rxf3 32. Rxf3 Qxf3 33. Qf2 Qxf2+ 34. Bxf2 Rh6 35. Bd4 Rxg6 36. Kxh3 Bc7 37. Bf2 Rc6 38. Bd4 Rh6+ 39. Kg2 Rg6 40. Bf2 Kb7 41. Kf3 Kc6 42. Be1 Be5 43. Rc1 Kd5 44. Rb1 Bc7 45. Ra1 Kc4 46. Rb1 Bxa5 47. Rc1 Rf6+ 48. Ke2 Bb6 49. Ra1 Re6+ 50. Kd1 Bc7 51. Ra2 Rg6 52. Rg2 Be5 53. Kc2 a5 54. g4 a4 55. Kb2 b4 56. Kc2 b3+ 57. Kb2 a3+ 58. Kxa3 Ra6+ 0-1

[Event "Ste Foy Euwe"]
[Site "Ste Foy"]
[Date "2018.02.03"]
[Round "4"]
[White "Sauve, Richard"]
[Black "Cummins, Paul"]
[Result "1-0"]
[WhiteElo "1919"]
[BlackElo "1736"]
[PlyCount "71"]
[EventDate "2018.01.13"]
[EventType "swiss"]
[EventRounds "5"]
[EventCountry "CAN"]
[SourceTitle "EXT 2022"]
[Source "ChessBase"]
[SourceDate "2021.10.06"]
[SourceVersion "1"]
[SourceVersionDate "2021.10.06"]
[SourceQuality "1"]

1. d4 Nf6 2. c4 e6 3. Nc3 Bb4 4. Qc2 0-0 5. Bg5 h6 6. Bh4 b6 7. e3 Bb7 8. a3 Be7 9. f3 d5 10. Bd3 Nbd7 11. Nge2 dxc4 12. Bxc4 Nd5 13. Bf2 Bh4 14. Bxd5 Bxf2+ 15. Kxf2 exd5 16. Rhe1 Nf6 17. Ng3 c6 18. Nce2 Re8 19. Nf4 Nh7 20. Rac1 Qh4 21. Kg1 Rac8 22. Nf5 Qd8 23. Nh5 g6 24. Nxh6+ Kf8 25. Nf4 Kg7 26. Nxf7 Qf6 27. Ne5 Nf8 28. Qa4 a6 29. Qb3 b5 30. Nfd3 Ne6 31. Qc2 Rh8 32. Qf2 Ng5 33. Qg3 Nf7 34. Nxf7 Kxf7 35. Ne5+ Kg7 36. Rc2 1-0

[Event "Quebec Montcalm op 1 2017-18"]
[Site "Quebec"]
[Date "2017.09.28"]
[Round "4"]
[White "Lessard, Claude"]
[Black "Cummins, Paul"]
[Result "1-0"]
[WhiteElo "2124"]
[BlackElo "1755"]
[PlyCount "57"]
[EventDate "2017.09.07"]
[EventType "swiss"]
[EventRounds "5"]
[EventCountry "CAN"]
[SourceTitle "EXT 2022"]
[Source "ChessBase"]
[SourceDate "2021.10.06"]
[SourceVersion "1"]
[SourceVersionDate "2021.10.06"]
[SourceQuality "1"]

1. e4 e6 2. d4 d5 3. Be3 dxe4 4. Nd2 Nf6 5. Ne2 Nbd7 6. Ng3 Be7 7. Ndxe4 Nxe4 8. Nxe4 Nf6 9. Bd3 Nd5 10. Bd2 Bd7 11. 0-0 0-0 12. Qh5 g6 13. Qh6 f5 14. Ng5 Bxg5 15. Bxg5 Qe8 16. Bd2 Qf7 17. Rfe1 Qf6 18. c4 Nb6 19. Bf4 Rac8 20. b3 Bc6 21. Rad1 Rfe8 22. Be5 Qf7 23. Qf4 Red8 24. h4 Be8 25. h5 c5 26. hxg6 hxg6 27. dxc5 Rxc5 28. Qh4 Rxe5 29. Qxd8 1-0

[Event "Quebec op U2000"]
[Site "Ste Foy"]
[Date "2017.08.18"]
[Round "8.26"]
[White "Genest, Dominic"]
[Black "Cummins, Paul"]
[Result "1-0"]
[WhiteElo "1757"]
[BlackElo "1781"]
[PlyCount "84"]
[EventDate "2017.08.12"]
[EventType "swiss"]
[EventRounds "9"]
[EventCountry "CAN"]
[SourceTitle "EXT 2022"]
[Source "ChessBase"]
[SourceDate "2021.10.06"]
[SourceVersion "1"]
[SourceVersionDate "2021.10.06"]
[SourceQuality "1"]

1. c4 b6 2. Nf3 Nf6 3. g3 e6 4. Bg2 c6 5. 0-0 Ba6 6. b3 Be7 7. Bb2 0-0 8. Ne5 d5 9. Nc3 Nfd7 10. Nxd7 Nxd7 11. d3 Rc8 12. e3 b5 13. cxd5 cxd5 14. a3 Rc7 15. Qd2 Nc5 16. Qc2 b4 17. axb4 Bxd3 18. Qd1 Bxf1 19. Bxf1 Nd7 20. Nb5 Rb7 21. Nxa7 Bf6 22. Nc6 Qe8 23. Bxf6 Nxf6 24. b5 Ne4 25. Qd4 Qd7 26. Bd3 f5 27. Ra6 Ng5 28. Na5 Qc7 29. Kg2 Qe7 30. Nc6 Qf7 31. b6 Qh5 32. Ne5 Rc8 33. h4 Nf7 34. Ra7 Rxa7 35. bxa7 Nxe5 36. Qxe5 Qe8 37. Ba6 Ra8 38. Qc7 Qd8 39. Qxd8+ Rxd8 40. Bb7 Kf8 41. a8Q Rxa8 42. Bxa8 Ke7 1-0

[Event "Quebec Montcalm op"]
[Site "Quebec"]
[Date "2017.01.06"]
[Round "1"]
[White "Auger, Bertrand"]
[Black "Cummins, Paul"]
[Result "1-0"]
[WhiteElo "2019"]
[BlackElo "1758"]
[PlyCount "81"]
[EventDate "2017.01.06"]
[EventType "swiss"]
[EventRounds "5"]
[EventCountry "CAN"]
[SourceTitle "EXT 2022"]
[Source "ChessBase"]
[SourceDate "2021.10.06"]
[SourceVersion "1"]
[SourceVersionDate "2021.10.06"]
[SourceQuality "1"]

1. Nf3 b6 2. g3 Bb7 3. Bg2 e6 4. 0-0 Nf6 5. c4 c5 6. Nc3 Be7 7. d4 cxd4 8. Qxd4 Nc6 9. Qd2 a6 10. b3 0-0 11. Bb2 d6 12. Rfd1 Qc7 13. Rac1 Rfd8 14. Nd5 exd5 15. cxd5 Qd7 16. dxc6 Bxc6 17. Rxc6 Qxc6 18. Nd4 Qc5 19. Rc1 Qh5 20. Nc6 Bf8 21. Nxd8 Rxd8 22. Bxf6 gxf6 23. Bf3 Qe5 24. Bd5 Bh6 25. Qxh6 Qxd5 26. Qxf6 Re8 27. h4 a5 28. e3 Qe6 29. Qxe6 Rxe6 30. Kg2 Kg7 31. Kf3 h5 32. Ke2 Kf6 33. Rc4 Kg6 34. Rd4 f5 35. Kf3 Rf6 36. Rd5 Re6 37. Rb5 Re5 38. Rxb6 Rd5 39. a4 Kf6 40. Kf4 Rd2 41. f3 1-0